| 000 | 00975cam a2200301 | 4500 | ||
|---|---|---|---|
| 999 |
_c5601 _d5601 |
||
| 001 | 214781 | ||
| 003 | CaAEU | ||
| 005 | 20220707121113.0 | ||
| 008 | 012479s1978 enk f 0 eng l | ||
| 020 | _a0723604878 | ||
| 035 | _aocm04285128 | ||
| 040 |
_aDLC _beng _cALUPE UNIVERSITY |
||
| 049 | _aaeu | ||
| 050 | 0 |
_aRC 927 _b.G65 1978 |
|
| 090 | 0 | 0 |
_aRC 927 G619 1978 _bAEU |
| 100 | 1 | _aGolding, Douglas Noel. | |
| 245 | 1 | 2 |
_aA synopsis of rheumatic diseases / _cDouglas N. Golding. |
| 250 | _a3d ed. | ||
| 260 |
_aBristol : _bJ. Wright, _cc1978. |
||
| 300 |
_a287 p. : _bill. ; _c19 cm. |
||
| 336 |
_atext _btxt _2rdacontent |
||
| 337 |
_aunmediated _bn _2rdamedia |
||
| 338 |
_avolume _bnc _2rdacarrier |
||
| 500 | _aIncludes index | ||
| 583 | 1 |
_acommitted to retain _c20170930 _d20421231 _fHathiTrust _uhttps://www.hathitrust.org/shared_print_program _5AEU _zHathiTrust Shared Print commitment 2017 |
|
| 650 | 0 |
_aRheumatism _vHandbooks, manuals, etc. |
|
| 942 |
_2lcc _cBK _nAB |
||